<?xml version="1.0" encoding="UTF-8"?><?xml-stylesheet type="text/xsl" href="static/style.xsl"?><OAI-PMH xmlns="http://www.openarchives.org/OAI/2.0/" xmlns:xsi="http://www.w3.org/2001/XMLSchema-instance" xsi:schemaLocation="http://www.openarchives.org/OAI/2.0/ http://www.openarchives.org/OAI/2.0/OAI-PMH.xsd"><responseDate>2026-04-14T15:18:42Z</responseDate><request verb="GetRecord" identifier="oai:uvadoc.uva.es:10324/67904" metadataPrefix="marc">https://uvadoc.uva.es/oai/request</request><GetRecord><record><header><identifier>oai:uvadoc.uva.es:10324/67904</identifier><datestamp>2024-05-30T19:03:15Z</datestamp><setSpec>com_10324_1142</setSpec><setSpec>com_10324_931</setSpec><setSpec>com_10324_894</setSpec><setSpec>col_10324_1258</setSpec></header><metadata><record xmlns="http://www.loc.gov/MARC21/slim" xmlns:doc="http://www.lyncode.com/xoai" xmlns:xsi="http://www.w3.org/2001/XMLSchema-instance" xmlns:dcterms="http://purl.org/dc/terms/" xsi:schemaLocation="http://www.loc.gov/MARC21/slim http://www.loc.gov/standards/marcxml/schema/MARC21slim.xsd">
<leader>00925njm 22002777a 4500</leader>
<datafield tag="042" ind1=" " ind2=" ">
<subfield code="a">dc</subfield>
</datafield>
<datafield tag="720" ind1=" " ind2=" ">
<subfield code="a">Peñalba Acítores, Alicia</subfield>
<subfield code="e">author</subfield>
</datafield>
<datafield tag="720" ind1=" " ind2=" ">
<subfield code="a">Blanco García, Yurima</subfield>
<subfield code="e">author</subfield>
</datafield>
<datafield tag="260" ind1=" " ind2=" ">
<subfield code="c">2020</subfield>
</datafield>
<datafield tag="520" ind1=" " ind2=" ">
<subfield code="a">El presente artículo expone diversas experiencias llevadas a cabo en la formación musical universitaria, en los&#xd;
Grados de Educación Infantil, Primaria y Social de la Facultad de Educación de Palencia, Universidad de Valladolid. Tomando&#xd;
como referencia las pedagogías creativas y el trabajo por proyectos, se muestran propuestas desarrolladas por el alumnado en&#xd;
la clase de Música bajo un enfoque globalizador. Estos proyectos tratan de hacer frente a tres importantes retos que caracterizan&#xd;
la educación en el siglo XXI: el componente creativo de la educación, la responsabilidad social, y el uso de las Tecnologías de&#xd;
la Información y las Comunicaciones (TICs) de forma crítica y responsable. Las ideas pedagógico-musicales desarrolladas por&#xd;
Paynter, Delalande y Alcázar, y los proyectos de transformación social a través de la música –como el conocido “Sistema” de&#xd;
orquestas en Venezuela– se convierten en puntos de partida para generar nuevas experiencias pedagógicas en la formación&#xd;
inicial del profesorado y para dar respuesta a las demandas de la educación musical en nuestra sociedad.</subfield>
</datafield>
<datafield tag="520" ind1=" " ind2=" ">
<subfield code="a">This article presents various experiences carried&#xd;
out in Higher Education training of Pre-school, Primary&#xd;
and Social Educators in the Faculty of Education of Palencia&#xd;
(University of Valladolid, Spain). Taking as a reference the&#xd;
Creative Pedagogies and the Project Based Learning, the&#xd;
proposals developed by the students in the Music class under&#xd;
a globalizing approach are shown. These projects try to face&#xd;
three important challenges that characterize education in&#xd;
the 21st century: the creative component of education, social&#xd;
responsibility, and the use of Information and Communication&#xd;
Technologies in a critical and responsible way. The pedagogicalmusical&#xd;
ideas developed by Paynter, Delalande and Alcázar,&#xd;
and the projects of social transformation through music -such&#xd;
as the well-known “Sistema de orquestas” in Venezuela- become&#xd;
starting points to generate new pedagogical experiences in the&#xd;
initial training of educators to respond to the demands of&#xd;
musical education in our society.</subfield>
</datafield>
<datafield tag="024" ind2=" " ind1="8">
<subfield code="a">Didacticae, 2020, n. 7, p. 57–73</subfield>
</datafield>
<datafield tag="024" ind2=" " ind1="8">
<subfield code="a">2462-2737</subfield>
</datafield>
<datafield tag="024" ind2=" " ind1="8">
<subfield code="a">https://uvadoc.uva.es/handle/10324/67904</subfield>
</datafield>
<datafield tag="024" ind2=" " ind1="8">
<subfield code="a">10.1344/did.2020.7.57-73</subfield>
</datafield>
<datafield tag="024" ind2=" " ind1="8">
<subfield code="a">57</subfield>
</datafield>
<datafield tag="024" ind2=" " ind1="8">
<subfield code="a">7</subfield>
</datafield>
<datafield tag="024" ind2=" " ind1="8">
<subfield code="a">73</subfield>
</datafield>
<datafield tag="024" ind2=" " ind1="8">
<subfield code="a">Didacticae</subfield>
</datafield>
<datafield tag="024" ind2=" " ind1="8">
<subfield code="a">2462-2737</subfield>
</datafield>
<datafield tag="245" ind1="0" ind2="0">
<subfield code="a">Pedagogías creativas y trabajo por proyectos en la formación musical en los Grados de Educación: el caso de la Facultad de Palencia</subfield>
</datafield>
</record></metadata></record></GetRecord></OAI-PMH>